LIBRARY & INFORMATION CENTRE, KCAET, TAVANUR

ONLINE PUBLIC ACCESS CATALOGUE (OPAC)

Normal view MARC view
  • Kerry, Joseph

Entry Personal Name

Number of records used in: 1

001 - CONTROL NUMBER

  • control field: 561

003 - CONTROL NUMBER IDENTIFIER

  • control field: OSt

005 - DATE AND TIME OF LATEST TRANSACTION

  • control field: 20160622133207.0

008 - FIXED-LENGTH DATA ELEMENTS

  • fixed length control field: 160622|| aca||aabn | a|a d

040 ## - CATALOGING SOURCE

  • Original cataloging agency: OSt
  • Transcribing agency: OSt

100 ## - HEADING--PERSONAL NAME

  • Personal name: Kerry, Joseph

670 ## - SOURCE DATA FOUND

  • Source citation: Work cat.: (OSt)14181: Kerry, Joseph Butler, Paul, Smart Packaging Technologies: for Fast Moving Consumer Goods , 2008
free website counter